00584cam a2200205 a 45000010009000000050017000090080041000260100017000670200015000840350021000990400018001200410008001380430012001460800017001580820021001751000007001961010008002032450101002115040066003121176869820171228060429.0990810s1999 ja ab b i001 0 eng  a 99006832  a9280810316 a(DLC) 99006832 aDLCcDLCdDLC aeng af-lb--- a966.6203 ALA00a966.6203 ALA2211 a16 aHIS10aPeacekeepers, politicians, and warlords :cAbiodun Alao, John Mackinlay, and ʼFunmi Olonisakin. aIncludes bibliographical references (p. [175]-183) and index.